000 00796cab a22002655a 4500
001 L159743
008 171218e2016 xxk 000 0 eng d
035 _a(Sirsi) u159743
041 0 _aeng
100 1 _aCreasey, S.
245 0 0 _aDifferent class
260 _c2016
490 _aModus
_vSeptember 2016, 26-28 (3)
520 _aAs they battle to win international students with new facilities, are universities becoming the new property powerhouses?
650 2 4 _aHIGHER EDUCATION
650 2 4 _aASSET MANAGEMENT
650 2 4 _aPROPERTY DEVELOPMENT
650 2 4 _aREGENERATION
650 2 4 _aUNIVERSITY ESTATES
651 4 _aUnited Kingdom
_y
690 _aInvestments
_96250
690 _aDevelopment
856 4 0 _uhttps://issuu.com/ricsmodus/docs/modus_sep16_web_v2
942 _n0
999 _c84954
_d84954